| 000 | 01682cam a22004334i 4500 | ||
|---|---|---|---|
| 003 | PE-LiUPU | ||
| 005 | 20250731172954.0 | ||
| 008 | 150623s1998 pe r 000 0 spa d | ||
| 035 | _a(Sirsi) a21554 | ||
| 040 |
_aPE-LiUPU _bspa _cPE-LiUPU _erda |
||
| 082 | 0 | 4 |
_a272.285 _bG944e _223 |
| 100 | 1 | 0 |
_aGuibovich Pérez, Pedro, _d1959- _eautor. |
| 245 | 1 | 0 |
_aEn defensa de Dios : _bestudios y documentos sobre la inquisición en el Perú / _cPedro Guibovich Pérez. |
| 264 | 1 |
_aLima : _bEdiciones del Congreso de la República del Perú, _c1998. |
|
| 300 |
_a244 páginas ; _c20.5 centímetros. |
||
| 336 |
_atext _2rdacontent |
||
| 337 |
_aunmediated _2rdamedia |
||
| 338 |
_avolume _2rdacarrier |
||
| 500 | _aPresentación: Margarita Suárez Espinosa. | ||
| 505 | 0 | _aProyecto colonial y control ideológico.-El establecimiento de la inquisición en el Perú. -Fondo documental de la inquisición de Lima en el Archivo Histórico Nacional de Madrid. Estudio preliminar. -Índice de documentos. -Índice onomástico. -Índice toponímico. | |
| 526 | _aSEG42 | ||
| 526 | _aSEG41 | ||
| 526 | _aSEG40 | ||
| 526 | _aSEG39 | ||
| 526 | _aP94 | ||
| 526 | _aP87 | ||
| 526 | _aP86 | ||
| 526 | _aP85 | ||
| 526 | _aP77 | ||
| 526 | _aP76 | ||
| 526 | _aP35 | ||
| 650 | 0 | 0 |
_aInquisición _zPerú _zLima _xHistoria. _93031 |
| 700 | 1 |
_aSuárez Espinosa, Margarita _d1957- _epresentador. |
|
| 710 | 2 | _aPerú. Congreso | |
| 942 |
_2ddc _cBK _n0 |
||
| 949 |
_a272.285 G944e _wDEWEY _c1 _i45147 _lCCODEBUL1 _mBUL _p26.00 _r0 _sY _tBOOK _u2015-06-24 _xBIBLIOTECA _zUNKNOWN _0COMPRA _o.STAFF. Colección Teología |
||
| 980 |
_81 _gALBERTO SANCHEZ Responsable de Automatización |
||
| 999 |
_c22029 _d22029 |
||